000 00305nam a2200109Ia 4500
008 221102s9999 xx 000 0 und d
041 _aeng
082 _bPau
100 _aPaul D .S
_995142
245 _a101 Essays for College & Competitive Examinations
260 _bChoise International
_c1905-07-09
999 _c82278
_d82278